000
00276nam a22001337a 4500
008
170516b xxu||||| |||| 00| 0 eng d
020
_a
1672061
041
_a
eng
080
_2
3RD
_a
94
100
_a
16
101
_a
SHH
245
_a
THE WEST
_c
LEVACK,B
942
_2
udc
_c
BK
999
_c
13405
_d
13405